Language Quiz

Random Language Quiz

Rhymes with RHYME Quiz Stats

 Plays Quiz not verified by Sporcle

Score 0/14 Timer 03:00
0 Plays Today
Answer % Correct
Time
98.1%
Lime
96.8%
Mime
95.1%
Crime
91.7%
Dime
91.2%
Climb
84.4%
Grime
82.3%
Answer % Correct
Chime
81.7%
Rime
80.3%
Slime
80.1%
Prime
75.9%
Thyme
74%
Clime
67.1%
Chyme
33.4%

You're not logged in!

Compare scores with friends on all Sporcle quizzes.
OR
Log In

Sporcle TV

Today on Sporcle TV


Watch our educational content, quiz creation guides, and fun videos on Sporcle TV.

Show Comments

Extras

Top Quizzes Today


Score Distribution

Your Account Isn't Verified!

In order to create a playlist on Sporcle, you need to verify the email address you used during registration. Go to your Sporcle Settings to finish the process.

Report this User

Report this user for behavior that violates our Community Guidelines.

Details: